| 000 | 00421nam a2200157 a 4500 | ||
|---|---|---|---|
| 020 | _a0697145379 | ||
| 040 | _cDLC | ||
| 082 | 0 | 0 | _a574 WMC 1994 A080 Or. |
| 100 | 1 | _aBlamire, John. | |
| 245 | 1 | 0 |
_aExploring life : _bthe principles of biology / |
| 260 |
_aDubuque, Iowa : _bWm. C. Brown Publishers, _cc1994. |
||
| 300 |
_axix, 507 p. : _bill. ; _c28 cm. |
||
| 500 | _aIncludes index. | ||
| 650 | 0 | _aBiology. | |
| 942 | _cEK | ||
| 999 |
_c15874 _d15874 |
||